Datum a čas kvízu
20.5
Celkem bodů
Celkový počet nahraných bodů na tomto kvízu bez doplňovacích otázek.
5.
Pořadí na kvízu
Konečné umístění týmu na tomto kvízu.
Zaznamenané odpovědi
| # | Otázka | Odpověď | Body | Výsledky |
|---|---|---|---|---|
| 1. | Na radnici městské části Brno-... | o hlasovací zařízení | 0 | |
| 2. | Výuka sexuální výchovy a osvět... | Polsko | 1 | |
| 3. | Ve čtvrtek měla v našich kinec... | Ženská na vrcholu | 0 | |
| 4. | Vývojáři jisté sociální sítě,... | TikTok | 0 | |
| 5. | V Londýně byl představen ofici... | Uniforia | 0 | |
| 6. | V období nadcházející zimy a v... | rozpustné v tucích a rozpustné ve vodě | 0 | |
| 7. | Za vitamíny se považují látky,... | vitamín D (kalciferol) | 1 | |
| 8. | Jedním z nejprodávanějších dop... | morče | 0 | |
| 9. | Který z vitamínů se označuje t... | vitamín A | 1 | |
| 10. | Vitamín B3 se chemicky nazývá... | nikotinová | 0 |